Logo BPK

Biblioteka

Politechniki Koszalińskiej

Przewodnik po źródłach informacji o dokumentach Unii Europejskiej [Dokument elektroniczny] ; Vademecum - źródła informacji o Unii Europejskiej / (Rekord nr 24066)

Szczegóły MARC
000 -ETYKIETA REKORDU
podpole kontrolne o stałej długości 01010nam a2200253 i 4500
001 - NUMER KONTROLNY REKORDU
pole kontrolne bg
040 ## - ŹRÓDŁO KATALOGOWANIA
Instytucja, która utworzyła rekord BPK
041 0# - KOD JĘZYKA
Kod języka tekstu pol
080 ## - UNIWERSALNA KLASYFIKACJA DZIESIĘTNA - UKD
UKD 339.923:061.1A/Z](4-67)(058):002
008 - POLE O STAŁEJ DŁUGOŚCI - DANE KONTROLNE
podpole kontrolne o stałej długości s pl f |000 0 pol
245 00 - TYTUŁ/ODPOWIEDZIALNOŚĆ
Tytuł Przewodnik po źródłach informacji o dokumentach Unii Europejskiej [Dokument elektroniczny] ; Vademecum - źródła informacji o Unii Europejskiej /
Pozostałe elementy strefy tytułu i oznaczenia odpowiedzialności Urząd Komitetu Integracji Europejskiej. Departament Dokumentacji Europejskiej ; Biblioteka Depozytowa Wspólnot Europejskich.
255 ## - STREFA DANYCH MATEMATYCZNYCH
Oznaczenie skali Dane tekstowe
260 ## - STREFA ADRESU WYDAWNICZEGO
Miejsce wydania Warszawa :
Nazwa wydawcy/dystrybutora UKIE,
Data publikacji, dystrybucji/powstania dokumentu 2002-2003.
300 ## - STREFA OPISU FIZYCZNEGO
Objętość 1 dysk optyczny (CD ROM) ;
Rozmiary 12 cm.
500 ## - UWAGI OGÓLNE
Tekst uwagi Wymagania systemowe: Windows 98 lub mowsze ; czytnik CD.
500 ## - UWAGI OGÓLNE
Tekst uwagi 1 poz. wydawnicza.
610 29 - HASŁO PRZEDMIOTOWE W FORMIE NAZWY CIAŁA ZBIOROWEGO
Nazwa ciała zbiorowego lub nazwa geograficzna Unia Europejska
610 29 - HASŁO PRZEDMIOTOWE W FORMIE NAZWY CIAŁA ZBIOROWEGO
Nazwa ciała zbiorowego lub nazwa geograficzna Unia Europejska
Określnik ogólny informacja
650 #9 - HASŁO PRZEDMIOTOWE W FORMIE NAZWY OGÓLNEJ LUB JEDNOSTKOWEJ
Nazwa ogólna lub geograficzna Źródła informacji
650 #9 - HASŁO PRZEDMIOTOWE W FORMIE NAZWY OGÓLNEJ LUB JEDNOSTKOWEJ
Nazwa ogólna lub geograficzna Wyszukiwanie informacji
655 ## - TERMIN INDEKSOWY - OKREŚLENIE RODZAJU/FORMY DOKUMENTU
Określenie rodzaju/formy dokumentu Dokumenty elektroniczne
710 0# - HASŁO DODATKOWE - NAZWA CIAŁA ZBIOROWEGO
Nazwa ciała zbiorowego lub jednostki geograficznej Urząd Komitetu Integracji Europejskiej
856 ## - LOKALIZACJA I DOSTĘP DO ELEKTRONICZNYCH DOKUMENTÓW ZDALNYCH
Link (URL) http://koha.tu.koszalin.pl/cgi-bin/koha/opac-detail.pl?biblionumber=24066
Tekst linku Katalog online BPK
942 ## - DODATKOWE ELEMENTY (KOHA)
Typ dokumentu Płyta CD
Egzemplarze
Wycofany Status egzemplarza Uszkodzony Dostępność Lokalizacja stała Lokalizacja bieżąca Miejsce przechowywania Sygnatura Kod kreskowy Typ dokumentu Dział
      Dostępny Biblioteka Politechniki Koszalińskiej Biblioteka Politechniki Koszalińskiej Wypożyczalnia BG CD 1312 02205946 Płyta CD  
      Dostępny Biblioteka Politechniki Koszalińskiej Biblioteka Politechniki Koszalińskiej Wypożyczalnia BG CD 1313 02205953 Płyta CD  
      Dostępny Biblioteka Politechniki Koszalińskiej Biblioteka Politechniki Koszalińskiej Wypożyczalnia BG CD 1314 02205960 Płyta CD  
      Tylko na miejscu Biblioteka Politechniki Koszalińskiej Biblioteka Politechniki Koszalińskiej Czytelnia Wydziałowa ul. Kwiatkowskiego 6e CD 1315 02205977 Płyta CD  
      Tylko na miejscu Biblioteka Politechniki Koszalińskiej Biblioteka Politechniki Koszalińskiej Czytelnia BG CD 1316 02205984 Płyta CD 0/9(0.034.2) Dokumenty elektroniczne
© 2023 Biblioteka Politechniki Koszalińskiej :: KOHA